[Event "Tournoi n27395"]
[Site "www.echecsemail.com"]
[Date "2026.01.29"]
[Round "1"]
[White "Majula"]
[Black "Patau"]
[WhiteElo "1610"]
[BlackElo "1700"]
[Result "0-1"]
1.d4 d5
2.c4 e6
3.c5 b6
4.b4 bxc5
5.bxc5 Bc8a6
6.Qd1a4 Qd8d7
7.Qa4xd7 Nb8xd7
8.e3 Ba6xf1
9.Kxf1 Ra8b8
10.Nb1c3 Ng8f6
11.h3 Bf8e7
12.Ra1b1 Rb8xb1
13.Nc3xb1 O-O
14.f3 Rf8b8
15.Nb1c3 c6
16.g4 Be7d8
17.Ng1e2 Bd8a5
18.Kg2 Nf6e8
19.g5 Ne8c7
20.a4 Rb8b3
21.Nc3d1 Rb3b1
22.Nd1f2 Rb1a1
23.Bc1b2 Ra1xa4
24.Rh1a1 Ra4xa1
25.Bb2xa1 Ba5d2
26.e4 Bd2xg5
27.f4 Bg5h4
28.e5 Nc7b5
29.Ba1b2 Nd7b8
30.Nf2g4 Nb8a6
31.Ne2c3 Nb5xc3
32.Bb2xc3 Na6c7
33.Kf3 a6
34.Ng4e3 Nc7b5
35.Bc3b2 Bh4e1
36.Ne3d1 a5
37.Ke2 Be1b4
38.Kd3 a4
39.Bb2c3 a3
40.Bc3xb4 a2
41.Bb4c3 Nb5xc3
{ abandon }0-1

[Event "Défi"]
[Site "www.echecsemail.com"]
[Date "2026.01.29"]
[Round "1"]
[White "Castor"]
[Black "Albescab"]
[WhiteElo "1380"]
[BlackElo "1620"]
[Result "0-1"]
1.d4 d5
2.c4 c6
3.Nb1c3 Ng8f6
4.f3 e6
5.Bc1g5 Bf8e7
6.Ng1h3 Nb8a6
7.a3 O-O
8.e4 dxc4
9.Bf1xc4 b5
10.Bc4d3 Qd8d7
11.Nc3e2 c5
12.Ra1c1 c4
13.Bd3b1 Bc8b7
14.O-O Nf6h5
15.Qd1c2 f6
16.Bg5e3 Be7d6
17.g3 Qd7c7
18.Rf1f2 Bd6xg3
19.hxg3 Nh5xg3
20.Ne2xg3 Qc7xg3
21.Rf2g2 Qg3xh3
22.Rg2h2 Qh3xf3
23.Qc2d2 Bb7xe4
24.Bb1xe4 Qf3xe4
25.Rc1e1 Rf8d8
26.Rh2g2 Na6c7
27.Be3h6 Qe4xd4
28.Bh6e3 Qd4h4
29.Re1e2 Rd8xd2
30.Be3xd2 Qh4d4
31.Bd2e3 Qd4d1
32.Kh2 a5
33.Re2d2 Qd1h5
34.Kg1 Nc7d5
35.Be3d4 Nd5f4
36.Bd4xf6 Nf4xg2
37.Rd2xg2 g6
38.Bf6c3 Ra8d8
39.Bc3e1 Rd8d1
40.Kf1 Qh5h1
41.Rg2g1 Qh1f3
0-1

[Event "Défi( 10J+24H/c 10J Max )"]
[Site "www.echecsemail.com"]
[Date "2026.01.29"]
[Round "1"]
[White "Wenoketo"]
[Black "Tunnellavage"]
[WhiteElo "1710"]
[BlackElo "1720"]
[Result "1-0"]
1.d4 Ng8f6
2.Ng1f3 d5
3.Bc1f4 Bc8f5
4.e3 Nb8c6
5.Bf1b5 e6
6.Nf3e5 Bf8d6
7.Bb5xc6 bxc6
8.Ne5xc6 Qd8d7
9.Bf4xd6 cxd6
10.Nc6b4 Qd7b5
11.c3 a5
12.a4 Qb5b6
13.Nb4d3 Bf5xd3
14.Qd1xd3 Qb6xb2
15.Qd3b5 Qb2xb5
16.axb5 Nf6e4
17.O-O O-O
18.f3 Ne4f6
19.Nb1a3 Nf6d7
20.c4 dxc4
21.Na3xc4 d5
22.Nc4xa5 Nd7b6
23.Na5c6 Ra8xa1
24.Rf1xa1 Rf8a8
25.Ra1b1 Kf8
26.Nc6e5 Ke7
27.Kf2 f6
28.Ne5c6 Kd6
29.Nc6b4 Nb6c4
30.Nb4d3 Ra8a2
31.Kg3 Nc4xe3
32.Nd3e1 Ne3f5
33.Kh3 Nf5xd4
34.b6 Nd4c6
35.b7 Kc7
36.Ne1d3 Ra2a7
37.Nd3c5 e5
38.Nc5e6 Kb8
39.Ne6xg7 Ra7xb7
40.Rb1xb7 Kxb7
41.Kg3 d4
42.Kf2 d3
43.Ke3 Nc6b4
44.Ng7e8 f5
45.Ne8d6 Kc6
46.Nd6xf5 Kd5
47.h4 Kc4
48.Kd2 Kd5
49.g4 Ke6
50.Nf5e3 h6
51.Kc3 { abandon }1-0

[Event "Amical( 10J+24H/c 10J Max )"]
[Site "www.echecsemail.com"]
[Date "2026.01.29"]
[Round "1"]
[White "Woluwe1975"]
[Black "Patau"]
[WhiteElo "1640"]
[BlackElo "1710"]
[Result "1/2-1/2"]
1.e4 e5
2.c3 Ng8f6
3.d3 d5
4.exd5 Nf6xd5
5.Bf1e2 Nb8c6
6.Ng1f3 Bf8d6
7.h3 O-O
8.Nb1d2 Bc8e6
9.Nd2e4 f5
10.Ne4xd6 Qd8xd6
11.O-O e4
12.dxe4 fxe4
13.Nf3g5 Ra8d8
14.Be2g4 Be6xg4
15.Qd1xg4 Rd8e8
16.Qg4h5 Qd6g6
17.Qh5d1 Nd5f4
18.Bc1xf4 Rf8xf4
19.Qd1d5 Kh8
20.Rf1e1 Qg6f5
21.Qd5xf5 Rf4xf5
22.Ng5f3 g5
23.Nf3d4 Nc6xd4
24.cxd4 Rf5d5
25.Ra1d1 Kg7
26.Re1e3 c5
27.g3 cxd4
28.Re3b3 Re8e7
29.a4 Kf6
30.g4 Ke5
31.Kg2 Kf4
32.Rd1e1 e3
33.f3 b6
34.Rb3d3 { nul }1/2-1/2

[Event "Marmotte chess  3"]
[Site "www.echecsemail.com"]
[Date "2026.01.29"]
[Round "1"]
[White "Qsdmlk"]
[Black "Nuageblanc"]
[WhiteElo "1560"]
[BlackElo "1580"]
[Result "0-1"]
1.d4 Ng8f6
2.Bc1g5 Nf6e4
3.Bg5h4 g5
4.Bh4g3 d5
5.Bg3e5 f6
6.Be5g3 Nb8c6
7.Ng1f3 h5
8.h3 Ne4xg3
9.fxg3 Bc8e6
10.Nb1c3 Qd8d7
11.e3 Bf8h6
12.Bf1b5 a6
13.Bb5a4 Qd7d6
14.Nc3e2 b5
15.Ba4b3 Nc6d8
16.Qd1d3 Be6f7
17.O-O O-O
18.e4 dxe4
19.Qd3xe4 Kg7
20.c4 Qd6c6
21.Qe4d3 bxc4
22.Bb3xc4 Bf7xc4
23.Qd3e3 g4
24.Nf3g5 Bh6xg5
25.Qe3c3 Bc4xe2
26.Rf1e1 Qc6xc3
27.bxc3 Be2c4
28.Re1xe7 Rf8f7
29.Re7e8 Ra8b8
30.a4 Nd8c6
31.Re8e4 Bc4d5
32.Re4e1 Rb8b2
33.Re1f1 Rb2xg2
34.Kh1 Rg2xg3
35.Kh2 Rg3xh3
36.Kg1 Bg5e3
37.Rf1f2 Rh3h1
0-1

[Event "Tournoi n27399"]
[Site "www.echecsemail.com"]
[Date "2026.01.29"]
[Round "1"]
[White "Chevalice"]
[Black "Jyfsk"]
[WhiteElo "1680"]
[BlackElo "1790"]
[Result "1-0"]
1.Nb1c3 Ng8f6
2.Ng1f3 e6
3.e4 Bf8e7
4.e5 Nf6d5
5.d4 O-O
6.Bf1c4 Nd5xc3
7.bxc3 b6
8.Bc4b3 Bc8b7
9.c4 d6
10.d5 dxe5
11.Nf3xe5 exd5
12.cxd5 Be7f6
13.f4 Bf6xe5
14.fxe5 Rf8e8
15.Bc1f4 Bb7a6
16.c4 Nb8d7
17.O-O Nd7c5
18.Qd1g4 g6
19.Bf4g5 Qd8c8
20.Qg4f4 Nc5d3
21.Qf4xf7 Kh8
22.Bg5f6 1-0

[Event "Coupe Niveau 3"]
[Site "www.echecsemail.com"]
[Date "2026.01.30"]
[Round "1"]
[White "Elghribi"]
[Black "Nemesis"]
[WhiteElo "1910"]
[BlackElo "1919"]
[Result "0-1"]
1.e4 c5
2.Ng1f3 Nb8c6
3.d4 cxd4
4.Nf3xd4 Ng8f6
5.Nb1c3 e5
6.Nd4xc6 bxc6
7.Bf1e2 Bf8b4
8.f3 O-O
9.Bc1e3 d5
10.exd5 cxd5
11.a3 Bb4a5
12.b4 d4
13.bxa5 Qd8xa5
14.Be3xd4 exd4
15.Qd1xd4 Bc8f5
16.O-O Bf5xc2
17.Rf1c1 Bc2f5
18.Qd4b4 Qa5e5
19.Qb4b5 Qe5e3
20.Kf1 Bf5g6
21.Nc3d5 Nf6xd5
22.Qb5xd5 Ra8d8
23.Qd5c4 Rd8d2
24.Rc1e1 Bg6d3
{ abandon }0-1

[Event "Tournoi n27323"]
[Site "www.echecsemail.com"]
[Date "2026.01.30"]
[Round "1"]
[White "Jmarcboury"]
[Black "Ponaparte"]
[WhiteElo "2180"]
[BlackElo "2170"]
[Result "1-0"]
1.d4 Ng8f6
2.c4 c5
3.d5 b5
4.cxb5 a6
5.Nb1c3 axb5
6.Nc3xb5 e6
7.dxe6 fxe6
8.e3 Bf8e7
9.Ng1f3 d5
10.Bf1e2 Nb8c6
11.O-O O-O
12.b3 Nf6e4
13.Bc1b2 Be7f6
14.Bb2xf6 Qd8xf6
15.Nf3d2 Ne4c3
16.Nb5xc3 Qf6xc3
17.Qd1c1 Qc3b4
18.a3 Qb4b6
19.Qc1b2 Bc8a6
20.Be2xa6 Ra8xa6
21.Nd2f3 Rf8b8
22.Rf1b1  { temps }1-0

[Event "Eq:Les Rois du Succes-les modestes :"]
[Site "www.echecsemail.com"]
[Date "2026.01.30"]
[Round "1"]
[White "Fred"]
[Black "Levelmax"]
[WhiteElo "2770"]
[BlackElo "2760"]
[Result "0-1"]
1.d4 d5
2.Ng1f3 Ng8f6
3.Bc1f4 e6
4.e3 c5
5.c3 Bf8d6
6.Bf1b5 Nb8c6
7.Bb5xc6 bxc6
8.Bf4xd6 Qd8xd6
9.Qd1a4 O-O
10.O-O cxd4
11.exd4 Nf6d7
12.Nb1d2 f6
13.Ra1d1 e5
14.dxe5 fxe5
15.c4 Nd7c5
16.Qa4a3 e4
17.Nd2b3 exf3
18.Qa3xc5 Qd6g6
19.g3 Qg6f5
20.Nb3d4 Qf5h3
21.Nd4xf3 Rf8xf3
22.Qc5xc6 Ra8b8
23.Qc6xd5 Rf3f7
24.Qd5e5 Rb8b6
25.Rd1d8 Rf7f8
26.Rd8xf8 Kxf8
27.Rf1d1 Bc8d7
28.b4 Rb6e6
29.Qe5b8 Bd7e8
30.Qb8xa7 Kg8
31.Qa7a8 h6
32.b5 Re6e5
33.Qa8b8 Qh3e6
34.h4 Re5e2
35.Qb8a8 Qe6xc4
36.a4 Kh7
37.Qa8d5 Qc4xa4
38.Qd5d3 Qa4e4
39.Qd3xe4 Re2xe4
40.Rd1b1 Re4e7
41.b6 Be8c6
42.g4 Bc6b7
43.Rb1b4 h5
44.gxh5 Re7e5
45.Kh2 Re5f5
46.f4 Rf5xh5
47.Kg3 Rh5c5
48.Rb4b3 Kg6
49.Kf2 Kf5
50.Kg3 Kg6
51.Rb3d3 Rc5b5
52.Rd3d6 Kh7
53.f5 Rb5xf5
54.Rd6d7 Bb7c6
55.Rd7c7 Bc6d5
56.Rc7c5 Kg6
57.Rc5b5 Bd5b7
58.Rb5b3 Rf5d5
59.Rb3b1 Kh5
60.Rb1b3 Rd5d4
61.Rb3b5 Rd4d5
62.Rb5b3 g6
63.Kh3 Rd5e5
64.Kg3 Re5f5
65.Rb3c3 Rf5b5
66.Rc3c7 Rb5b3
67.Kf4 Rb3f3
68.Ke5 Rf3f5
69.Kd6 Rf5f6
70.Kc5 Bb7f3
71.Rc7h7 Kg4
 { temps }0-1

[Event "Tournoi n27360"]
[Site "www.echecsemail.com"]
[Date "2026.01.30"]
[Round "1"]
[White "4x4"]
[Black "Gimick"]
[WhiteElo "1480"]
[BlackElo "1540"]
[Result "0-1"]
1.e4 e5
2.f4 exf4
3.Ng1f3 Ng8f6
4.d3 Bf8c5
5.Bc1xf4 d6
6.Nb1c3 Nf6g4
7.Bf1e2 Ng4f2
8.Qd1d2 Nf2xh1
9.d4 Bc5b4
10.O-O-O Nh1f2
11.Rd1f1 Bb4xc3
12.bxc3 Nf2xe4
13.Qd2e3 Qd8e7
14.Be2d3 Ne4xc3
15.Qe3xe7 Kxe7
16.Rf1e1 Bc8e6
17.Bf4d2 Nc3d5
18.Bd3c4 c6
19.Bc4xd5 cxd5
20.c3 Rh8e8
21.h3 Kf8
22.Nf3g5 h6
23.Ng5xe6 Re8xe6
24.Re1xe6 fxe6
25.Bd2f4 Ke7
26.Kd2 Nb8c6
27.Ke3 Nc6a5
28.Kd3 g5
29.Bf4d2 Na5c4
30.g3 b5
31.h4 gxh4
32.gxh4 Ra8f8
33.Bd2xh6 Rf8f3
34.Kc2 a5
35.Bh6g5 Kf7
36.a3 Nc4xa3
37.Kb2 Na3c4
38.Kb3 Nc4d2
39.Bg5xd2 Kg6
40.Kc2 Rf3f2
41.Kd3 e5
42.dxe5 dxe5
43.Ke3 Rf2f4
44.Kd3 Rf4xh4
45.Bd2e1 Rh4h3
46.Kc2 d4
47.cxd4 exd4
48.Be1xa5 Kf5
49.Ba5b6 Ke4
50.Kd2 Rh3h2
51.Kc1 d3
52.Bb6a5 Kd4
53.Ba5d2 Kc4
54.Kd1 b4
55.Ke1 b3
56.Bd2f4 b2
57.Kd1 b1Q
58.Bf4c1 Qb1c2
59.Ke1 Qc2e2
0-1

[Event "01 12 25"]
[Site "www.echecsemail.com"]
[Date "2026.01.30"]
[Round "1"]
[White "Kaelstrum"]
[Black "Carpediem50"]
[WhiteElo "1470"]
[BlackElo "1410"]
[Result "0-1"]
1.e4 e5
2.Ng1f3 Bf8d6
3.Bf1c4 h6
4.Nb1c3 Ng8f6
5.O-O O-O
6.d3 a6
7.h3 Nb8c6
8.Bc1e3 b5
9.Bc4b3 Nc6a5
10.Qd1d2 Na5xb3
11.axb3 c6
12.Nc3e2 b4
 { temps }0-1

[Event "01 12 25"]
[Site "www.echecsemail.com"]
[Date "2026.01.30"]
[Round "1"]
[White "Carpediem50"]
[Black "Kaelstrum"]
[WhiteElo "1410"]
[BlackElo "1470"]
[Result "1-0"]
1.e4 e5
2.Ng1f3 Ng8f6
3.Nb1c3 Bf8b4
4.a3 Bb4xc3
5.dxc3 Nb8c6
6.Bf1d3 h6
7.O-O d6
8.h3 Bc8e6
9.Bd3b5 O-O
10.Bb5xc6 bxc6
11.b3 Nf6xe4
12.Bc1d2  { temps }1-0

[Event "Défi"]
[Site "www.echecsemail.com"]
[Date "2026.01.30"]
[Round "1"]
[White "Beru"]
[Black "Vvvv"]
[WhiteElo "1680"]
[BlackElo "1650"]
[Result "0-1"]
1.e4 c5
2.d4 cxd4
3.Qd1xd4 Nb8c6
4.Qd4a4 d5
5.Nb1c3 d4
6.Nc3d5 e6
7.Nd5f4 Qd8a5
8.Qa4xa5 Nc6xa5
9.Bf1b5 Na5c6
10.Ng1f3 Bf8b4
11.Bc1d2 Bb4xd2
12.Nf3xd2 e5
13.Nf4d3 f6
14.O-O-O Bc8d7
15.Nd3c5 O-O-O
16.Nd2c4 Kc7
17.Rh1e1 Ng8e7
18.a4 Nc6b4
19.Kb1 Bd7xb5
20.Nc5e6 Kb8
21.Ne6xd8 Rh8xd8
22.c3 Bb5xc4
23.cxb4 Bc4b3
24.b5 Bb3xa4
25.Rd1c1 Ba4xb5
26.g3 Rd8d6
27.Rc1c5 Bb5d3
28.Kc1 Rd6c6
29.Rc5xc6 Ne7xc6
30.Kd2 Nc6b4
31.Re1c1 Bd3xe4
32.Rc1c4 Nb4d3
 { temps }0-1

[Event "OAHU 2"]
[Site "www.echecsemail.com"]
[Date "2026.01.30"]
[Round "1"]
[White "Intrigue"]
[Black "Brettsinclair"]
[WhiteElo "1720"]
[BlackElo "1910"]
[Result "0-1"]
1.d4 g6
2.e4 c6
3.Bc1e3 Ng8f6
4.Nb1c3 Bf8g7
5.Ng1f3 Qd8a5
6.Bf1d3 d6
7.O-O Qa5h5
8.h3 O-O
9.Qd1d2 Qh5a5
10.Be3h6 Qa5d8
11.Bh6xg7 Kxg7
12.Rf1e1 Nb8d7
13.Ra1d1 b5
14.b4 a6
15.a3 Rf8e8
16.e5 Nf6d5
17.Nc3xd5 cxd5
18.exd6 exd6
19.Re1xe8 Qd8xe8
20.Rd1e1 Qe8d8
21.Qd2g5 Nd7f6
22.c3 h6
23.Qg5d2 Bc8e6
24.Qd2e3 Ra8c8
25.Bd3b1 Qd8c7
26.Re1c1 Qc7c4
27.Nf3d2 Qc4c7
28.Bb1a2 Rc8e8
29.Qe3g3 Nf6e4
30.Nd2xe4 dxe4
31.Ba2xe6 Re8xe6
32.Rc1e1 Qc7c4
33.Qg3e3 d5
34.g3 Re6f6
35.Re1e2 Rf6f3
36.Qe3d2 Rf3xc3
37.Re2e3 Rc3c1
38.Kh2 Qc4f1
39.g4 Qf1g1
0-1

[Event "Tournoi n27411"]
[Site "www.echecsemail.com"]
[Date "2026.01.30"]
[Round "1"]
[White "Verson"]
[Black "Teaspoon"]
[WhiteElo "1840"]
[BlackElo "1990"]
[Result "0-1"]
1.d4 Ng8f6
2.Ng1f3 g6
3.Bc1f4 Bf8g7
4.e3 O-O
5.Bf1d3 d6
6.Nb1d2 c5
7.O-O cxd4
8.exd4 Nb8c6
9.c3 a6
10.Rf1e1 Rf8e8
11.Nd2e4 e5
12.dxe5 dxe5
13.Bf4g5 h6
14.Bg5h4 g5
15.Bh4g3 Nf6xe4
16.Re1xe4 f5
17.Re4e2 f4
18.Bd3c4 Kh8
19.Bg3xf4 exf4
20.Qd1c2 Re8xe2
21.Qc2xe2 Bc8g4
22.Ra1d1 Qd8e7
23.Qe2xe7 Nc6xe7
24.h3 Bg4xf3
25.gxf3 Ne7c6
26.Kf1 Ra8d8
27.Rd1xd8 Nc6xd8
28.Ke2 Nd8c6
29.Bc4d5 Nc6d8
30.Kd3 b5
31.b3 Bg7f8
32.c4 Bf8c5
33.Ke4 Kg7
34.cxb5 axb5
35.a4 bxa4
36.bxa4 Bc5xf2
37.a5 Kf6
38.a6 Nd8e6
{ abandon }0-1

[Event "ANGOULEME"]
[Site "www.echecsemail.com"]
[Date "2026.01.30"]
[Round "1"]
[White "4x4"]
[Black "Mindthegap"]
[WhiteElo "1450"]
[BlackElo "1450"]
[Result "1-0"]
1.e4 e5
2.Ng1f3 Ng8f6
3.Nf3xe5 d6
4.Ne5f3 Nf6xe4
5.d3 Ne4f6
6.Qd1e2 Bf8e7
7.Bc1e3 O-O
8.Nb1c3 d5
9.Be3g5 h6
10.Bg5xf6 Be7xf6
11.O-O-O Bf6xc3
12.bxc3 Rf8e8
13.Qe2d2 Qd8d6
14.Rd1e1 Qd6a3
15.Kd1 Re8xe1
16.Qd2xe1 Kh7
17.Kd2 Bc8g4
18.Qe1b1 b6
19.Bf1e2 Bg4xf3
20.Be2xf3 Nb8c6
21.Bf3xd5 Ra8d8
22.Bd5xc6 Qa3d6
23.Bc6e4 g6
24.g3 Qd6f6
25.f4 c5
26.Qb1b5 c4
27.Qb5xc4 Qf6e7
28.a4 f5
29.Be4f3 Qe7c5
30.Qc4xc5 bxc5
31.Rh1e1 Rd8b8
32.Re1e7 Kh8
33.Bf3d5 { abandon }1-0

[Event "Tournoi n27419"]
[Site "www.echecsemail.com"]
[Date "2026.01.30"]
[Round "1"]
[White "Tartu"]
[Black "Wenoketo"]
[WhiteElo "1720"]
[BlackElo "1710"]
[Result "1-0"]
1.e4 c6
2.Ng1f3 e6
3.d4 d5
4.exd5 cxd5
5.Bf1b5 Bc8d7
6.Bb5xd7 Nb8xd7
7.O-O Ra8c8
8.Nb1c3 a6
9.Bc1f4 Bf8e7
10.Rf1e1 Ng8f6
11.h3 O-O
12.Nf3e5 Nd7xe5
13.Bf4xe5 Nf6d7
14.Be5g3 Nd7f6
15.a3 Be7d6
16.Bg3xd6 Qd8xd6
17.Qd1f3 Rc8c7
18.Ra1c1 Rf8c8
19.Re1e2 Qd6b6
20.Nc3d1 Qb6xd4
21.c3 Qd4b6
22.b4 Nf6e4
23.Re2c2 Rc7c6
24.a4 Qb6c7
25.Qf3d3 Ne4f6
26.b5 axb5
27.axb5 Rc6c4
28.Nd1e3 Rc4c5
29.Ne3d1 Nf6e4
30.c4 f5
31.f3 Ne4g3
32.Nd1b2 dxc4
33.Nb2xc4 Ng3e4
34.fxe4 fxe4
35.Qd3xe4 b6
36.Qe4xe6 { abandon }1-0

[Event "Eq:les modestes-Les Rois du Succes :"]
[Site "www.echecsemail.com"]
[Date "2026.01.30"]
[Round "1"]
[White "Fred"]
[Black "Rons"]
[WhiteElo "2780"]
[BlackElo "2590"]
[Result "1-0"]
1.d4 Ng8f6
2.Ng1f3 e6
3.Bc1f4 b6
4.e3 Nb8c6
5.a3 Bc8b7
6.c4 Nf6h5
7.Bf4g5 Nc6e7
8.Nf3e5 g6
9.Bf1e2 f6
10.Be2xh5 fxg5
11.Bh5f3 c6
12.O-O Bf8g7
13.Ne5d3 O-O
14.Nb1d2 Ne7f5
15.g3 a5
16.Rf1e1 d6
17.b4 Rf8f7
18.Ra1b1 axb4
19.axb4 Ra8a3
20.Rb1b3 Ra3a2
21.Bf3g2 d5
22.Rb3c3 Nf5d6
23.c5 bxc5
24.bxc5 Nd6b5
25.Rc3c2 Ra2xc2
26.Qd1xc2 Qd8e7
27.Nd2f3 Nb5a3
28.Qc2a2 Na3c4
29.h3 Rf7f8
30.e4 Qe7d8
31.Re1b1 Bb7c8
32.e5 h6
33.Rb1b8 Qd8c7
34.Rb8a8 Bc8b7
35.Ra8a7 Qc7b8
36.Nd3e1 Rf8d8
37.Ra7a4 Qb8c7
38.Bg2f1 Kh7
39.Bf1d3 Bg7f8
40.Ra4a7 Rd8d7
41.Qa2b1 Kg7
42.Bd3xg6 Kh8
43.h4 Qc7b8
44.Ra7a2 Qb8d8
45.hxg5 hxg5
46.Nf3h2 { abandon }1-0

[Event "BHOUTAN"]
[Site "www.echecsemail.com"]
[Date "2026.01.30"]
[Round "1"]
[White "Luc20"]
[Black "Mindthegap"]
[WhiteElo "1830"]
[BlackElo "1440"]
[Result "1-0"]
1.e4 e5
2.Ng1f3 Ng8f6
3.Nf3xe5 d6
4.Ne5f3 Nf6xe4
5.Nb1c3 Ne4xc3
6.bxc3 Bf8e7
7.Bf1c4 O-O
8.O-O Nb8c6
9.d4 Bc8f5
10.Bc4d3 Qd8d7
11.Rf1e1 Bf5g4
12.Bd3e2 Rf8e8
13.Qd1d3 Bg4f5
14.Qd3d2 Ra8d8
15.Bc1b2 f6
16.Be2b5 a6
17.Bb5a4 b5
18.Ba4b3 Kh8
19.Nf3h4 d5
20.Nh4xf5 Qd7xf5
21.a4 Be7d6
22.axb5 Qf5h5
23.g3 Re8e4
24.Re1xe4 dxe4
25.bxc6 Rd8e8
26.Ra1e1 f5
27.Qd2e2 Re8f8
28.Qe2xh5 { abandon }1-0

[Event "Coupe Niveau 8"]
[Site "www.echecsemail.com"]
[Date "2026.01.30"]
[Round "1"]
[White "Orosco"]
[Black "Carrighir"]
[WhiteElo "2220"]
[BlackElo "2110"]
[Result "1-0"]
1.e4 c5
2.Ng1f3 d6
3.d4 cxd4
4.Nf3xd4 Ng8f6
5.Nb1c3 g6
6.Bf1b5 Bc8d7
7.a4 Bf8g7
8.O-O O-O
9.h3 Nb8c6
10.Nd4f3 Ra8c8
11.Bb5e2 b6
12.Be2a6 Rc8b8
13.Ba6b5 Qd8c8
14.Qd1e2 Nc6b4
15.Ra1a3 Bd7xb5
16.axb5 Rb8b7
17.Ra3a4 { abandon }1-0

[Event "La Diagonale du fou 9"]
[Site "www.echecsemail.com"]
[Date "2026.01.30"]
[Round "1"]
[White "Gimick"]
[Black "Foxie519"]
[WhiteElo "1540"]
[BlackElo "1710"]
[Result "1-0"]
1.e4 e6
2.Ng1f3 d6
3.Bf1c4 g6
4.d3 Bf8g7
5.d4 Ng8e7
6.Bc1g5 h6
7.Bg5h4 O-O
8.O-O Qd8e8
9.c3 Kh8
10.Nb1d2 Ne7g8
11.Rf1e1 c6
12.d5 c5
13.Ra1c1 e5
14.a3 a5
15.h3 g5
16.Nf3xg5 hxg5
17.Qd1h5 Bg7h6
18.Bh4xg5 f6
19.Bg5xh6 Qe8xh5
20.Bh6xf8 Nb8d7
21.Bf8xd6 Nd7b6
22.Bd6xc5 Nb6xc4
23.Nd2xc4 Qh5g6
24.Re1e3 f5
25.exf5 Bc8xf5
26.Nc4xe5 Qg6h7
27.Bc5d4 Ng8f6
28.c4 Kg7
29.Ne5d7 Bf5xd7
30.Re3e7 Kg6
31.Re7xh7 Nf6xh7
32.Rc1e1 Ra8e8
33.Re1d1 Nh7g5
34.Kh2 Bd7a4
35.Rd1b1 Ng5e6
36.Bd4b6 Ne6g7
37.Bb6xa5 Re8a8
38.Ba5b6 Ba4c2
39.Rb1e1 Kf7
40.b4 Ra8xa3
41.d6 Bc2f5
42.g4 Bf5e6
43.c5 Ra3a8
44.f4 Ng7e8
45.f5 Be6d5
46.g5 Bd5c6
47.Re1e7 Kf8
48.f6 Ra8a2
49.Kg3 Ra2a3
50.Kg4 Ra3a4
51.d7 Ra4xb4
52.Kh5 Ne8g7
53.fxg7 Kxe7
54.d8Q { abandon }1-0

[Event "Tournoi échelle division 2"]
[Site "www.echecsemail.com"]
[Date "2026.01.30"]
[Round "1"]
[White "Yab414"]
[Black "Nbelnico"]
[WhiteElo "1630"]
[BlackElo "1760"]
[Result "1-0"]
1.e4 e5
2.Ng1f3 d6
3.Bf1e2 Ng8f6
4.Nb1c3 Bf8e7
5.h3 O-O
6.O-O a6
7.d4 exd4
8.Nf3xd4 c5
9.Nd4f5 Bc8xf5
10.exf5 Nb8c6
11.Nc3d5 Nc6d4
12.Nd5xe7 Qd8xe7
13.Be2g4 b5
14.Rf1e1 Qe7c7
15.Bc1f4 Qc7d8
16.Bf4g5 h6
17.Bg5e3 Nd4c6
18.Bg4f3 Ra8c8
19.c3 b4
20.c4 Nc6a5
21.b3 Na5c6
22.a4 Nc6e5
23.Bf3d5 a5
24.Be3f4 Qd8c7
25.Ra1a2 Nf6h5
26.Bf4xe5 dxe5
27.Qd1xh5 Qc7d6
28.Ra2e2 Rc8e8
29.g3 Qd6f6
30.Re2e4 Kh7
31.Qh5g4 Kh8
32.h4 g6
33.fxg6 fxg6
34.Kg2 Qf6xf2
35.Kh3 Rf8f6
36.Re1e2 Qf2f1
37.Kh2 Qf1d1
38.Re4xe5 Rf6f2
39.Re2xf2 Qd1xg4
40.Re5xe8 Kg7
41.Rf2f7 1-0

[Event "Défi( 10J+24H/c 10J Max )"]
[Site "www.echecsemail.com"]
[Date "2026.01.30"]
[Round "1"]
[White "Snarf"]
[Black "Fragol"]
[WhiteElo "1720"]
[BlackElo "1720"]
[Result "1-0"]
1.e4 e5
2.Ng1f3 d6
3.Bf1b5 c6
4.Bb5a4 Bc8g4
5.h3 Bg4h5
6.g4 Bh5g6
7.h4 Bg6xe4
8.d3 Be4d5
9.Nb1c3 Bd5xf3
10.Qd1xf3 a5
11.a3 Bf8e7
12.g5 h6
13.gxh6 Ng8xh6
14.Bc1e3 Be7f6
15.Nc3e4 Bf6e7
16.O-O-O Be7xh4
17.Ne4xd6 Qd8xd6
18.Rh1xh4 Nb8d7
19.Ba4b3 O-O-O
20.Rd1h1 Qd6f6
21.Qf3xf6 Nd7xf6
22.Be3xh6 gxh6
23.Rh4xh6 Rh8xh6
24.Rh1xh6 Nf6g4
25.Rh6h7 Rd8f8
26.f3 Ng4f6
27.Rh7xf7 Rf8xf7
28.Bb3xf7 Kc7
29.Kd2 b5
30.Ke3 Kd6
31.b3 Nf6d7
32.Ke4 Ke7
33.Bf7g6 Kf6
34.Bg6e8 { abandon }1-0

[Event "Eq:Les Rois du Succes-Fair play :"]
[Site "www.echecsemail.com"]
[Date "2026.01.30"]
[Round "1"]
[White "Rv60"]
[Black "Hogar"]
[WhiteElo "2150"]
[BlackElo "2870"]
[Result "0-1"]
1.d4 Ng8f6
2.c4 e6
3.a3 d5
4.Nb1c3 c5
5.cxd5 cxd4
6.Qd1xd4 Nb8c6
7.Qd4h4 exd5
8.Bc1g5 d4
9.Nc3e4 Bf8e7
10.Ne4xf6 Be7xf6
11.Qh4e4 Bc8e6
12.Bg5xf6 Qd8a5
13.Kd1 gxf6
14.Qe4d3 Nc6b4
15.axb4 Qa5xa1
16.Kd2 Ra8c8
17.Qd3xd4 Rc8d8
{ abandon }0-1

[Event "Tournoi n27416"]
[Site "www.echecsemail.com"]
[Date "2026.01.30"]
[Round "1"]
[White "Vvvv"]
[Black "Domenico"]
[WhiteElo "1690"]
[BlackElo "1790"]
[Result "0-1"]
1.e4 e5
2.Ng1f3 d6
3.h3 Bf8e7
4.Nb1c3 Ng8f6
5.d4 exd4
6.Nf3xd4 O-O
7.Bf1d3 Bc8d7
8.Nc3e2 c5
9.Nd4f3 Nb8c6
10.c3 Bd7e6
11.Nf3g5 Nc6e5
12.Ne2f4 Be6d7
13.O-O a6
14.Bd3c2 b5
15.b3 Qd8b6
16.Nf4d5 Nf6xd5
17.exd5 Be7xg5
18.Bc1xg5 Ne5g6
19.Rf1e1 c4
20.Re1e3 Ra8e8
21.Bc2xg6 fxg6
22.Qd1d2 cxb3
23.axb3 a5
24.Ra1e1 a4
25.Re3xe8 Rf8xe8
26.Re1xe8 Bd7xe8
27.b4 Be8f7
28.Qd2f4 Bf7xd5
29.Bg5e7 Bd5f7
30.Qf4e4 d5
31.Qe4g4 h5
32.Qg4d1 a3
33.Be7c5 Qb6a6
34.Qd1a1 a2
35.Bc5d4 Bf7e6
36.Kh2 Be6f5
37.g4 hxg4
38.hxg4 Bf5b1
39.f4 Qa6e6
40.Kg3 Qe6e1
41.Kh3 Qe1d2
42.Bd4xg7 Kxg7
43.c4 Kh7
44.cxd5 Qd2xd5
{ abandon }0-1

[Event "Défi"]
[Site "www.echecsemail.com"]
[Date "2026.01.30"]
[Round "1"]
[White "Khamis"]
[Black "Patau"]
[WhiteElo "1920"]
[BlackElo "1690"]
[Result "1-0"]
1.d4 d5
2.c4 e6
3.Nb1c3 Ng8f6
4.Bc1g5 Bf8e7
5.Ng1f3 Nf6e4
6.Bg5xe7 Qd8xe7
7.Nc3xe4 dxe4
8.Nf3d2 f5
9.e3 O-O
10.Bf1e2 Nb8c6
11.a3 b6
12.O-O Bc8b7
13.Qd1c2 Ra8d8
14.f3 exf3
15.Be2xf3 Nc6a5
16.b4 Bb7xf3
17.Nd2xf3 Na5b7
18.Nf3e5 Qe7g5
19.Rf1e1 Nb7d6
20.Ne5c6 Rd8e8
21.Nc6xa7 Nd6e4
22.Na7b5 Rf8f6
23.Nb5xc7 Re8c8
24.Nc7b5 Rf6g6
25.Re1e2 Qg5g4
26.Ra1f1 h5
27.c5 bxc5
28.dxc5 h4
29.Rf1f4 Qg4g5
30.Nb5c3 Ne4xc3
31.Qc2xc3 h3
32.g3 Rc8d8
33.Qc3c2 Qg5e7
34.c6 Qe7c7
35.b5 Rd8d5
36.a4 Kf7
37.e4 Rd5d4
38.Qc2a2 Qc7d6
39.Rf4xf5 Ke7
40.Rf5f1 Rg6f6
41.Rf1xf6 gxf6
42.Qa2c2 Rd4d1
43.Kf2 Qd6d4
44.Kf3 Rd1f1
45.Re2f2 Rf1xf2
46.Qc2xf2 Qd4xa4
47.Qf2e2 Qa4b3
48.Kg4 Qb3c3
49.Kxh3 Qc3e5
50.Qe2d3 { abandon }1-0

[Event "Tournoi n27400"]
[Site "www.echecsemail.com"]
[Date "2026.01.30"]
[Round "1"]
[White "Jazzzz"]
[Black "Alain64"]
[WhiteElo "2000"]
[BlackElo "2090"]
[Result "1-0"]
1.e4 c5
2.Ng1f3 Nb8c6
3.Bf1c4 e6
4.a3 d5
5.exd5 exd5
6.Bc4a2 Ng8f6
7.O-O Bf8e7
8.d3 O-O
9.Nb1c3 Bc8e6
10.Rf1e1 Be6g4
11.h3 Bg4xf3
12.Qd1xf3 Nc6d4
13.Qf3d1 h6
14.Nc3e2 Nd4xe2
15.Re1xe2 Rf8e8
16.Bc1f4 Qd8d7
17.Qd1d2 Be7d6
18.Ra1e1 Re8xe2
19.Re1xe2 Bd6xf4
20.Qd2xf4 Ra8e8
21.Re2xe8 Qd7xe8
22.Kf1 b6
23.Qf4c7 Qe8a8
24.c3 Nf6e8
25.Qc7e7 a6
26.Ba2xd5 Qa8xd5
27.Qe7xe8 Kh7
28.Qe8e4 Qd5xe4
29.dxe4 Kg6
30.Ke2 Kf6
31.h4 g5
32.hxg5 hxg5
33.Ke3 Ke5
34.g3 g4
35.f4 Ke6
36.Kd3 b5
37.c4 b4
38.axb4 cxb4
39.c5 a5
40.b3 Kd7
41.Kc4 Kc6
42.e5 { abandon }1-0

[Event "Coupe Niveau 2"]
[Site "www.echecsemail.com"]
[Date "2026.01.30"]
[Round "1"]
[White "Patau"]
[Black "Panchoa"]
[WhiteElo "1710"]
[BlackElo "1620"]
[Result "0-1"]
1.e4 e5
2.Ng1f3 Nb8c6
3.c3 Ng8f6
4.d4 exd4
5.e5 Qd8e7
6.cxd4 Qe7e6
7.Bf1e2 Bf8b4
8.Bc1d2 Nf6d5
9.O-O O-O
10.Nb1c3 b6
11.Nc3xd5 Qe6xd5
12.a3 Bb4e7
13.Bd2e3 d6
14.exd6 Be7xd6
15.Ra1c1 Bc8b7
16.Be2c4 Qd5e4
17.Qd1d3 Nc6e7
18.Qd3xe4 Bb7xe4
19.Nf3e5 Bd6xe5
20.dxe5 c5
21.Rc1d1 Ne7f5
22.Rd1d7 Nf5h4
23.f3 Be4f5
24.Rd7e7 Ra8e8
25.Be3g5 Nh4g6
26.Re7xa7 Re8xe5
{ abandon }0-1

[Event "5 octobre 2025"]
[Site "www.echecsemail.com"]
[Date "2026.01.30"]
[Round "1"]
[White "Kawa750"]
[Black "Kaelstrum"]
[WhiteElo "1780"]
[BlackElo "1400"]
[Result "0-1"]
1.e4 e5
2.Nb1c3 Nb8c6
3.Ng1f3 Ng8f6
4.Bf1c4 Bf8c5
5.a3 h6
6.d3 O-O
7.O-O d6
8.Nc3d5 Bc8g4
9.h3 Bg4h5
10.Nd5xf6 Qd8xf6
11.g4 Bh5g6
12.g5 Qf6e7
13.Nf3h4 Bg6h7
14.gxh6 Qe7xh4
15.hxg7 Rf8e8
16.Qd1g4 Qh4xg4
17.hxg4 Kxg7
18.Kg2 Nc6d4
19.c3 Nd4c6
20.Rf1h1 Re8h8
21.Bc1g5 Bh7g6
22.f4 exf4
23.Bg5xf4 Rh8xh1
24.Ra1xh1 Ra8h8
25.Rh1xh8 Kxh8
26.b4 Bc5b6
27.a4 a6
28.Kf3 Kg7
29.d4 Nc6d8
30.a5 Bb6a7
31.d5 f6
32.Bc4d3 Nd8f7
33.Bd3f1 Nf7e5
34.Kg3 Bg6xe4
35.Bf1g2 Be4xg2
36.Kxg2 Kg6
37.Kg3 f5
38.gxf5 Kxf5
39.Bf4xe5 Kxe5
40.Kf3 Kxd5
41.Ke2 Kc4
42.Kd2 Ba7f2
43.Kc2 Bf2e1
44.Kb2 Be1xc3
{ abandon }0-1